[Event "Negombo op 3rd"]
[Site "Negambo"]
[Date "2017.08.20"]
[Round "2"]
[White "Amarasinghe, AACB"]
[Black "Ranaweera, YH Gaya Ravindu"]
[Result "1-0"]
[WhiteElo "1982"]
[BlackElo "1109"]
[PlyCount "85"]
[EventDate "2017.08.20"]
[EventType "swiss"]
[EventRounds "10"]
[EventCountry "SRI"]
[SourceTitle "CBM 180 Extra"]
[Source "ChessBase"]
[SourceDate "2017.10.06"]
[SourceVersion "1"]
[SourceVersionDate "2017.10.06"]
[SourceQuality "1"]

1. e4 c5 2. Nc3 d6 3. f4 Nc6 4. Nf3 Nf6 5. Bb5 Bd7 6. 0-0 a6 7. Bxc6 Bxc6 8. d3 e6 9. Qe1 Be7 10. Qg3 g6 11. a4 Nh5 12. Qh3 0-0 13. g4 Ng7 14. f5 exf5 15. gxf5 Bd7 16. Nd5 gxf5 17. Nxe7+ Qxe7 18. Ng5 h5 19. exf5 Bxf5 20. Rxf5 Nxf5 21. Qxf5 Qe1+ 22. Kg2 Qe2+ 23. Kh3 Qg4+ 24. Qxg4 hxg4+ 25. Kxg4 f5+ 26. Kf3 Kg7 27. Ne6+ Kg6 28. Nxf8+ Rxf8 29. Bf4 d5 30. Rg1+ Kf6 31. h4 Rh8 32. Bg5+ Ke6 33. Re1+ Kd6 34. Kf4 b5 35. a5 b4 36. Kxf5 Kc6 37. Re6+ Kb5 38. Bf4 Rxh4 39. b3 Rh7 40. Ke5 d4 41. Kd5 Rh5+ 42. Be5 Kxa5 43. Rc6 1-0